000 00370nam a2200145Ia 4500
008 230917s9999||||xx |||||||||||||| ||und||
040 _e140533
_aMAIN
041 _aEnglish
082 _a954.01 G959P
100 _aGupat, Nathulal
245 0 _aPrachin Bhartiya vidhaian avam kalaian
260 _aNagpul
_bChetna Prakashan
_c1978
300 _a243p. p.
942 _cBK
999 _c212065
_d212065